| 000 | 00967nac a22002531i 4500 | ||
|---|---|---|---|
| 003 | EG-ScBUE | ||
| 005 | 20231116101819.0 | ||
| 008 | 121114s1950 ua a af 000 0aara d | ||
| 040 |
_aEG-ScBUE _bara _erda _cEG-ScBUE _dEG-ScBUE |
||
| 082 | 0 | 4 |
_a181.07 _bع ز ا _222 |
| 100 | 1 |
_aعزام، عبد الوهاب، _d1894-1956، _eمؤلف. _931316 |
|
| 245 | 1 | 0 |
_aرحلات : _bالرحلات الاولى / _cعبد الوهاب عزام. |
| 250 | _aالطبعة الثانية. | ||
| 264 | 1 |
_aالقاهرة : _bمطبعة الرسالة، _c1950. |
|
| 300 |
_a421 صفحة : _bإيضاحيات ؛ _c24 سم |
||
| 336 |
_2rdacontent _aنص _btxt |
||
| 337 |
_aبدون وسيط _2rdamedia _bn |
||
| 338 |
_aمجلد _bnc _2rdacarrier |
||
| 600 | 1 | 7 |
_2BUEsh _aعزام، عبد الوهاب، _d1894-1956. |
| 650 | 7 |
_aالفلاسفة المسلمون _vتراجم. _2BUEsh |
|
| 650 | 7 |
_aأدب الرحلات. _2BUEsh _931318 |
|
| 655 | _vReading book | ||
| 942 |
_cBB _2ddc |
||
| 999 |
_c6092 _d6092 |
||